000 00443nam a2200181Ia 4500
005 20250603144609.0
008 250603s9999 xx 000 0 und d
020 _a9789350143360
050 _aTH 149 .S53/
100 _aSharma, Neelam
245 0 _aBuilding construction (for polytechnic students)
260 _aNew Delhi
260 _bS. K. Kataria & Sons
260 _c2015
300 _a275 p
650 _aNew Delhi
942 _cBK
999 _c39393
_d39393